Online
Catalog

Dizionario italiano-inglese, inglese-italiano : (Record no. 1412)

MARC details
000 -CABECERA
campo de control de longitud fija 00751cam a2200193 a 4500
001 - NÚMERO DE CONTROL
campo de control 000001508
005 - FECHA Y HORA DE LA ÚLTIMA TRANSACCIÓN
campo de control 20200929145612.0
008 - DATOS DE LONGITUD FIJA--INFORMACIÓN GENERAL
campo de control de longitud fija 811123s1963 it 000 0 ita d
040 ## - FUENTE DE LA CATALOGACIÓN
Centro catalogador/agencia de origen DO-SdBNP
Lengua de catalogación spa
Centro/agencia transcriptor BNPHU
082 ## - NÚMERO DE LA CLASIFICACIÓN DECIMAL DEWEY
Número de clasificación xx
Número de documento/Ítem O71d, 1963
049 ## - FONDOS LOCALES (OCLC)
Fondos de biblioteca BNGR
100 1# - ENTRADA PRINCIPAL--NOMBRE DE PERSONA
Nombre de persona Orlandi, Giuseppe,
Fechas asociadas al nombre 1884-
9 (RLIN) 4979
245 10 - MENCIÓN DE TÍTULO
Título Dizionario italiano-inglese, inglese-italiano :
Resto del título voci dell'uso corrente e familiare e della lingua classica, termini commerciali, scientifici, tecnici, americanismi, voci del gergo /
Mención de responsabilidad, etc. Giuseppe Orlandi.
250 ## - MENCIÓN DE EDICIÓN
Mención de edición 3a ed.
260 ## - PUBLICACIÓN, DISTRIBUCIÓN, ETC.
Lugar de publicación, distribución, etc. Milano :
Nombre del editor, distribuidor, etc. Carlo Signorelli,
Fecha de publicación, distribución, etc. 1963.
300 ## - DESCRIPCIÓN FÍSICA
Extensión xiv, 2080 p. ;
Dimensiones 22 cm.
650 #0 - PUNTO DE ACCESO ADICIONAL DE MATERIA--TÉRMINO DE MATERIA
Término de materia o nombre geográfico como elemento de entrada Italian language
Subdivisión general Dictionaries
-- English.
9 (RLIN) 4980
650 #0 - PUNTO DE ACCESO ADICIONAL DE MATERIA--TÉRMINO DE MATERIA
Término de materia o nombre geográfico como elemento de entrada English language
Subdivisión general Dictionaries
-- Italian.
9 (RLIN) 4981
Holdings
Estado de retiro Estado de pérdida Restricciones de uso No para préstamo Código de colección Localización permanente Ubicación/localización actual Ubicación en estantería Fecha de adquisición Número de inventario Total de préstamos Signatura topográfica completa Código de barras Fecha visto por última vez Precio válido a partir de Tipo de ítem Koha
        Monografías: Libros y Folletos General General Depósito 22.09.2009 LF1   xx O71d, 1963 1508-10 25.06.2020 25.06.2020 Préstamo en sala

Powered by Koha